00669nam a2200205 a 4500008004100000020001800041050001700059100001800076245012800094260004500222300002300267350000900290650002300299650002400322650003900346650002500385650001500410700001700425700002100442100723s2008 ||||||||||||||||| || u a9780273651000 aHD 30.28 Str aCousins, Paul10aStrategic supply management: principles, theories and practicecby Paul Cousins, Richard Lamming, Benn Lawson, Brian Squire aHarlow, England:bFT Prentice Hallc2008 axxvii, 308p.: ill. a0.00 0aSTRATEGIC PLANNING 0aBUSINESS--LOGISTICS 0aINDUSTRIAL PROCUREMENT--MANAGEMENT aMATERIALS MANAGEMENT 0aMANAGEMENT aLawson, Benn aLamming, Richard